Normal view MARC view
  • Heble Varada

Entry Personal Name

Number of records used in: 2

001 - CONTROL NUMBER

  • control field: 182672

003 - CONTROL NUMBER IDENTIFIER

  • control field: OSt

005 - DATE AND TIME OF LATEST TRANSACTION

  • control field: 20230605084953.0

008 - FIXED-LENGTH DATA ELEMENTS

  • fixed length control field: 230605|| aca||aabn | a|a d

040 ## - CATALOGING SOURCE

  • Original cataloging agency: OSt
  • Transcribing agency: OSt

100 ## - HEADING--PERSONAL NAME

  • Personal name: Heble Varada

670 ## - SOURCE DATA FOUND

  • Source citation: Work cat.: (OSt)160734: Heble Varada, Landscape Development Approach For A Windfram At Devgadh, 2014